[Event "Open"]
[Site "Ischia ITA"]
[Date "1995.06.??"]
[Round "3"]
[White "Neri, Enzo"]
[Black "Gaggiottini, Manfredo"]
[Result "0-1"]
[WhiteElo "2069"]
[BlackElo "2095"]
[PlyCount "84"]
[EventDate "1995.06.03"]

1. d4 Nf6 2. c4 e6 3. Nc3 Bb4 4. f3 Nc6 5. a3 Bxc3+ 6. bxc3 d6 7. e3 O-O 8. Bd3
e5 9. Ne2 Nh5 10. g4 Qh4+ 11. Kd2 Nf6 12. Ng3 exd4 13. cxd4 Bd7 14. Kc3 Qg5 15.
Bf5 Rfe8 16. h4 Rxe3+ 17. Bxe3 Qxe3+ 18. Qd3 Qf2 19. Bxd7 Nxd7 20. Ne4 Qg2 21.
Rhe1 Nb6 22. Re2 Na4+ 23. Kd2 Qh3 24. Rae1 Rf8 25. h5 Nb2 26. Qc3 Na5 27. c5 d5
28. Nf2 Qg3 29. Kc1 Nbc4 30. Nd1 Qf4+ 31. Kb1 Nc6 32. Ka2 Nxd4 33. Re8 Nb5 34.
Qc2 Qxf3 35. Rxf8+ Kxf8 36. Qb3 Qf4 37. Re2 Qxg4 38. Qd3 Qxh5 39. a4 Nd4 40.
Rf2 Nc6 41. Qb3 N6a5 42. Qb1 Qh4 0-1

[Event "Open"]
[Site "Ischia ITA"]
[Date "1995.06.??"]
[Round "4"]
[White "Adams, Michael"]
[Black "Smirin, Ilia"]
[Result "1-0"]
[WhiteElo "2655"]
[BlackElo "2630"]
[PlyCount "71"]
[EventDate "1995.06.03"]

1. e4 c5 2. Nc3 Nc6 3. Nf3 e5 4. Bc4 d6 5. d3 Be7 6. Nd2 Bg5 7. h4 Bh6 8. Qh5
g6 9. Qd1 Nf6 10. Nf1 Bxc1 11. Qxc1 Be6 12. Ne3 Nd4 13. Ncd5 h5 14. c3 Nc6 15.
Qd1 Kf8 16. g3 Kg7 17. Qe2 Rb8 18. a4 Ng4 19. f3 Nxe3 20. Nxe3 Ne7 21. O-O Re8
22. Bxe6 fxe6 23. f4 exf4 24. Rxf4 Nc6 25. Raf1 Qe7 26. g4 Qxh4 27. gxh5 Qg3+
28. Ng2 Ne5 29. d4 cxd4 30. cxd4 Qd3 31. Qf2 Nc6 32. Rf7+ Kg8 33. h6 Qxd4 34.
Qxd4 Nxd4 35. Rg7+ Kh8 36. Nh4 1-0

[Event "Open"]
[Site "Ischia ITA"]
[Date "1995.06.??"]
[Round "5"]
[White "Tiviakov, Sergei"]
[Black "Adams, Michael"]
[Result "0-1"]
[WhiteElo "2625"]
[BlackElo "2655"]
[PlyCount "72"]
[EventDate "1995.06.03"]

1. e4 c6 2. d4 d5 3. Nd2 dxe4 4. Nxe4 Nd7 5. Nf3 Ngf6 6. Ng3 c5 7. dxc5 e6 8.
b4 b6 9. Be2 bxc5 10. b5 Bb7 11. c4 Qc7 12. Bb2 Bd6 13. a4 a5 14. Qc2 h5 15.
Nf1 O-O-O 16. N1d2 Bf4 17. Nb3 Be4 18. Qc3 g5 19. Qxa5 Qxa5+ 20. Nxa5 g4 21.
Nd2 Bxg2 22. Rg1 Ba8 23. Nf1 Ne5 24. Nb3 Ne4 25. Ng3 Ng5 26. Bxe5 Bxe5 27. Rc1
Nh3 28. Rf1 Nf4 29. Rg1 h4 30. Nf1 Nxe2 31. Kxe2 Bf3+ 32. Ke1 Bc3+ 33. Nfd2 Bb4
34. Rc2 Rd3 35. Kf1 Rhd8 36. Nxf3 gxf3 0-1

[Event "Open"]
[Site "Ischia ITA"]
[Date "1995.06.??"]
[Round "6"]
[White "Gaggiottini, Manfredo"]
[Black "Ciampi, Vincenzo"]
[Result "1-0"]
[WhiteElo "2095"]
[BlackElo "2170"]
[PlyCount "119"]
[EventDate "1995.06.03"]

1. e4 e6 2. d4 d5 3. Be3 dxe4 4. Nd2 Nf6 5. f3 exf3 6. Ngxf3 Nbd7 7. Bd3 c5 8.
Qe2 Qc7 9. O-O Be7 10. c3 O-O 11. Ng5 cxd4 12. cxd4 h6 13. Rac1 Qd8 14. Nge4
Nxe4 15. Bxe4 f5 16. Bf3 Nb6 17. Kh1 Nd5 18. Bg1 Bg5 19. Rc2 Bxd2 20. Qxd2 Qd6
21. Rfc1 Bd7 22. h3 Bc6 23. Bh2 f4 24. Rf1 Rf6 25. a3 Raf8 26. b4 a6 27. Rcc1
Qd7 28. Rfe1 Ne7 29. Bg4 f3 30. Be5 fxg2+ 31. Kg1 Rf1+ 32. Rxf1 gxf1=Q+ 33.
Rxf1 Rxf1+ 34. Kxf1 Ng6 35. Qa2 Bd5 36. Qh2 Qb5+ 37. Ke1 Qd3 38. Qg3 Nxe5 39.
Qxe5 Qc3+ 40. Kf2 Qc2+ 41. Kf1 Qg6 42. Ke2 Bc4+ 43. Ke3 Qd3+ 44. Kf2 Qf1+ 45.
Kg3 Qg1+ 46. Kf3 Qf1+ 47. Kg3 Qg1+ 48. Kf3 Qh1+ 49. Kg3 Qd5 50. Qf4 Qd8 51. Bd1
Qf8 52. Qc7 Bd5 53. Bg4 Qf6 54. Qd7 Kh7 55. Bd1 Qg5+ 56. Kf2 Qd2+ 57. Be2 Qxd4+
58. Ke1 Qa1+ 59. Kd2 Qd4+ 60. Bd3+ 1-0

[Event "Open"]
[Site "Ischia ITA"]
[Date "1995.06.??"]
[Round "7"]
[White "Sannino, Raffaele"]
[Black "Gaggiottini, Manfredo"]
[Result "0-1"]
[WhiteElo "1906"]
[BlackElo "2095"]
[PlyCount "74"]
[EventDate "1995.06.03"]

1. e4 c5 2. Bc4 e6 3. Qe2 a6 4. c3 Qc7 5. d3 b5 6. Bb3 Bb7 7. f4 Bd6 8. Nh3 Nc6
9. O-O O-O-O 10. Be3 h6 11. Nd2 f6 12. a4 g5 13. axb5 axb5 14. Bc2 h5 15. Nb3
g4 16. Nf2 Bxf4 17. Bxf4 Qxf4 18. Nxc5 Ne5 19. Nd1 Nf3+ 20. gxf3 gxf3 21. Qxf3
Qg5+ 22. Kh1 Qxc5 23. Ne3 f5 24. d4 Qc7 25. c4 Nf6 26. d5 Ng4 27. Nxg4 hxg4 28.
Qf4 g3 29. h4 Rdg8 30. Kg2 Qxc4 31. Bd3 Qxd3 32. Rfc1+ Kd8 33. Ra8+ Bxa8 34.
Qc7+ Ke8 35. Qc8+ Ke7 36. Qc5+ Kf6 37. e5+ Kf7 0-1

[Event "Open"]
[Site "Ischia ITA"]
[Date "1995.06.??"]
[Round "8"]
[White "Gaggiottini, Manfredo"]
[Black "Delizia, Costantino"]
[Result "1/2-1/2"]
[WhiteElo "2095"]
[BlackElo "1932"]
[PlyCount "56"]
[EventDate "1995.06.03"]

1. e4 e6 2. d4 d5 3. Nc3 Bb4 4. Bd3 c5 5. exd5 exd5 6. dxc5 Nf6 7. Nf3 O-O 8.
O-O Bxc3 9. bxc3 Ne4 10. c4 Be6 11. Bb2 Nxc5 12. Bxh7+ Kxh7 13. Qd4 f6 14. Qxc5
dxc4 15. Rad1 Qc8 16. Qe7 Rf7 17. Qd6 Nc6 18. Rfe1 Bg4 19. Qf4 Qf5 20. Qxc4 Re7
21. Rxe7 Nxe7 22. Rd4 Bxf3 23. Rh4+ Kg6 24. gxf3 Qxf3 25. Rg4+ Kh7 26. Rh4+ Kg6
27. Rg4+ Kh7 28. Rh4+ Kg6 1/2-1/2

[Event "Open"]
[Site "Ischia ITA"]
[Date "1995.06.??"]
[Round "9"]
[White "Skorna, Ullrich"]
[Black "Gaggiottini, Manfredo"]
[Result "1-0"]
[WhiteElo "2250"]
[BlackElo "2095"]
[PlyCount "55"]
[EventDate "1995.06.03"]

1. e4 c5 2. c3 b6 3. d4 Bb7 4. Bd3 cxd4 5. cxd4 Nc6 6. Nf3 Nb4 7. Bc4 Rc8 8.
Qb3 e6 9. Bd2 Rxc4 10. Qxc4 Ba6 11. Qc3 Nd3+ 12. Ke2 Nxb2+ 13. Ke3 g6 14. Ne5
Qg5+ 15. Kf3 Qh5+ 16. Kg3 Be7 17. h4 Nf6 18. Qf3 Bb7 19. Nc3 d6 20. Ng4 Nxg4
21. Qxg4 Qa5 22. Rhe1 Nc4 23. Qd1 Bf6 24. Nd5 Qa3+ 25. Re3 Nxe3 26. Nxf6+ Ke7
27. Bxe3 Kxf6 28. Qf3+ 1-0

[Event "Weekend"]
[Site "Palermo ITA"]
[Date "1995.04.??"]
[Round "1"]
[White "Prestipino, Paolo"]
[Black "Alaimo, Riccardo"]
[Result "0-1"]
[WhiteElo "1615"]
[BlackElo "1903"]
[PlyCount "58"]
[EventDate "1995.04.??"]

1. e4 c5 2. Nf3 d6 3. d4 cxd4 4. Nxd4 Nf6 5. Nc3 a6 6. Bg5 e6 7. f3 Be7 8. Qd2
Qc7 9. O-O-O Nbd7 10. g4 b5 11. Bxb5 axb5 12. Ndxb5 Qb8 13. Nxd6+ Bxd6 14. Qxd6
Qxd6 15. Rxd6 h6 16. Bh4 g5 17. Bg3 h5 18. e5 h4 19. Bxh4 Rxh4 20. exf6 Nxf6
21. h3 Bb7 22. Rd3 Nxg4 23. Rg1 Nf2 24. Rd2 Nxh3 25. Rg3 Ke7 26. a3 f5 27. f4
g4 28. Rh2 Rah8 29. Nd1 Nxf4 0-1

[Event "Weekend"]
[Site "Palermo ITA"]
[Date "1995.04.??"]
[Round "2"]
[White "Alaimo, Riccardo"]
[Black "Puleio, Bernardo"]
[Result "1/2-1/2"]
[WhiteElo "1903"]
[BlackElo "1669"]
[PlyCount "72"]
[EventDate "1995.04.??"]

1. e4 c6 2. d4 d5 3. exd5 cxd5 4. c4 dxc4 5. Bxc4 e6 6. Nf3 Bb4+ 7. Nc3 Nf6 8.
O-O O-O 9. Bg5 Nc6 10. Bb3 Be7 11. Re1 Nd5 12. Nxd5 Bxg5 13. Nxg5 Qxg5 14. Nc7
Rb8 15. d5 exd5 16. Nxd5 Be6 17. Nc3 Rbd8 18. Qf3 Nd4 19. Qe4 Nxb3 20. axb3 Rd2
21. Qxb7 Rxb2 22. Ne4 Qd5 23. Qxa7 Qxb3 24. Qd4 Qb6 25. Qxb6 Rxb6 26. Nc5 Re8
27. Nxe6 Rbxe6 28. Rxe6 fxe6 29. Ra7 Kf8 30. f4 Re7 31. Rxe7 Kxe7 32. Kf2 Kf6
33. g4 e5 34. f5 Kg5 35. Kg3 h6 36. h4+ Kf6 1/2-1/2

[Event "Weekend"]
[Site "Palermo ITA"]
[Date "1995.04.??"]
[Round "3"]
[White "Scalia, Mario"]
[Black "Alaimo, Riccardo"]
[Result "1-0"]
[WhiteElo "1900"]
[BlackElo "1903"]
[PlyCount "99"]
[EventDate "1995.04.??"]

1. d4 Nf6 2. c4 g6 3. Nc3 d5 4. Nf3 Bg7 5. e3 O-O 6. Bd3 c5 7. O-O cxd4 8. exd4
dxc4 9. Bxc4 Bg4 10. d5 Nbd7 11. Re1 Nb6 12. Bb3 Qd6 13. h3 Bxf3 14. Qxf3 a6
15. Bf4 Qd7 16. Rad1 Rac8 17. Be5 Qd8 18. d6 e6 19. Qxb7 Nbd7 20. Bd4 Qa5 21.
Ne4 Nxe4 22. Qxe4 Nc5 23. Qe3 Bxd4 24. Rxd4 Nxb3 25. axb3 Rc2 26. Rc1 Qc5 27.
Rxc2 Qxc2 28. Rd2 Qc1+ 29. Kh2 Qc6 30. b4 Rd8 31. Qc5 Qb5 32. g3 Rd7 33. Rc2
Kg7 34. f4 Qb8 35. Qd4+ Kg8 36. Rc6 Qb7 37. Qb6 Qxb6 38. Rxb6 Ra7 39. Rc6 Kf8
40. Rc8+ Kg7 41. Rc7 Ra8 42. Rc6 Rb8 43. d7 Rd8 44. Rd6 Kf6 45. Kg2 Ke7 46. Rd4
Rxd7 47. Rxd7+ Kxd7 48. Kf3 Kd6 49. Ke4 f6 50. Kd4 1-0

[Event "Weekend"]
[Site "Palermo ITA"]
[Date "1995.04.??"]
[Round "5"]
[White "Arnetta, Maria Teresa"]
[Black "Alaimo, Riccardo"]
[Result "0-1"]
[WhiteElo "1618"]
[BlackElo "1903"]
[PlyCount "110"]
[EventDate "1995.04.??"]

1. e4 c5 2. c3 Nf6 3. e5 Nd5 4. d4 cxd4 5. cxd4 d6 6. Bc4 Nb6 7. Bb5+ Bd7 8.
Bxd7+ Qxd7 9. Nf3 e6 10. O-O Be7 11. Nbd2 d5 12. Nb3 Nc6 13. Nc5 Qc7 14. Bf4
Nxd4 15. Nxd4 Bxc5 16. Nb5 Qd7 17. Nd6+ Bxd6 18. exd6 O-O 19. Rc1 Nc4 20. Qg4
Nxd6 21. Rfe1 Rac8 22. h4 Ne4 23. h5 f6 24. Rcd1 Nc5 25. h6 e5 26. Qxd7 Nxd7
27. hxg7 Kxg7 28. Bd2 Nb6 29. Re3 Rc2 30. Rg3+ Kf7 31. Bh6 Rg8 32. Rdd3 Rg6 33.
Rh3 Rxb2 34. Rc3 Nc4 35. Bc1 Rxa2 36. Rxh7+ Rg7 37. Rxg7+ Kxg7 38. Rg3+ Kf7 39.
Bh6 Nd6 40. Rg7+ Ke6 41. Rc7 Ra1+ 42. Kh2 Ra4 43. Bf8 Rh4+ 44. Kg3 Nf5+ 45. Kf3
Rf4+ 46. Ke2 Re4+ 47. Kd3 Ra4 48. f3 e4+ 49. fxe4 dxe4+ 50. Ke2 Ra2+ 51. Kf1
Ne3+ 52. Ke1 Nxg2+ 53. Kf1 Ne3+ 54. Ke1 b5 55. Bc5 Nd5 0-1

[Event "Weekend"]
[Site "Palermo ITA"]
[Date "1995.04.??"]
[Round "6"]
[White "Alaimo, Riccardo"]
[Black "Galioto, Giovanni"]
[Result "0-1"]
[WhiteElo "1903"]
[BlackElo "1747"]
[PlyCount "100"]
[EventDate "1995.04.??"]

1. e4 c5 2. Nc3 d6 3. f4 Nf6 4. Nf3 Nc6 5. Bb5 Bd7 6. e5 dxe5 7. fxe5 Ng4 8. e6
Bxe6 9. Bxc6+ bxc6 10. d3 Nf6 11. O-O g6 12. Qe1 Bg4 13. Ne5 Qd4+ 14. Kh1 Be6
15. Nxc6 Qd6 16. Ne5 Bg7 17. Bf4 Qb6 18. b3 Rc8 19. Na4 Qb7 20. Rd1 O-O 21. Qf2
Ng4 22. Nxg4 Bxg4 23. Rde1 Bd4 24. Be3 Qd5 25. Bxd4 cxd4 26. Re4 Bf5 27. Rxd4
Qe5 28. Rf4 Qc7 29. Qg3 Rfd8 30. R1f2 Qe5 31. h3 Kh8 32. R4f3 Qe1+ 33. Kh2 Rc6
34. Re3 Qb4 35. Qe5+ Kg8 36. Qxe7 Qxe7 37. Rxe7 a6 38. Nb2 Be6 39. c4 Rcd6 40.
g4 Rd4 41. Ra7 R8d6 42. Re2 h5 43. gxh5 Rh4 44. Re3 g5 45. Kg2 Rdd4 46. Rxa6
Rdf4 47. c5 g4 48. hxg4 Bd5+ 49. Kg3 Rfxg4+ 50. Kf2 Rg2+ 0-1

[Event "VII Festival A"]
[Site "Robecchetto con Induno ITA"]
[Date "1995.06.??"]
[Round "1"]
[White "Fattorelli, Luciano"]
[Black "Marzano, Carlo"]
[Result "0-1"]
[WhiteElo "1966"]
[BlackElo "2205"]
[PlyCount "42"]
[EventDate "1995.06.22"]

1. e4 e6 2. d4 d5 3. Nc3 Nf6 4. Bg5 dxe4 5. Nxe4 Be7 6. Bxf6 gxf6 7. Nf3 b6 8.
Bd3 Bb7 9. Qe2 c6 10. O-O-O Qc7 11. g3 Nd7 12. Rhe1 O-O-O 13. Ba6 h5 14. Bxb7+
Kxb7 15. h4 Nf8 16. Rd3 Ng6 17. Red1 f5 18. Neg5 Bf6 19. Ne1 Bxg5+ 20. hxg5 h4
21. gxh4 Nf4 0-1

[Event "VII Festival A"]
[Site "Robecchetto con Induno ITA"]
[Date "1995.06.??"]
[Round "1"]
[White "Pagnoncelli, Marco"]
[Black "Lanzani, Giuliano"]
[Result "1-0"]
[WhiteElo "2150"]
[BlackElo "1848"]
[PlyCount "159"]
[EventDate "1995.06.22"]

1. e4 e5 2. Nf3 Nc6 3. Bb5 a6 4. Bxc6 dxc6 5. d4 exd4 6. Qxd4 Qxd4 7. Nxd4 Bc5
8. c3 Bd7 9. Be3 Bb6 10. Nd2 O-O-O 11. O-O-O Ne7 12. Nc4 f6 13. Nxb6+ cxb6 14.
Ne2 Kc7 15. Ng3 b5 16. f3 b6 17. b3 c5 18. Rd2 Bc8 19. Rhd1 Rxd2 20. Rxd2 Nc6
21. Bf4+ Ne5 22. Nh5 Rd8 23. Bxe5+ fxe5 24. Rxd8 Kxd8 25. Nxg7 Ke7 26. Kd2 Bd7
27. Nh5 a5 28. a3 b4 29. axb4 cxb4 30. cxb4 axb4 31. Ng3 Be6 32. Kc2 Kd6 33.
Ne2 Kc5 34. Nc1 Kd4 35. Nd3 Bxb3+ 36. Kxb3 Kxd3 37. Kxb4 Ke3 38. Kc4 b5+ 39.
Kxb5 Kf2 40. Kc5 Kxg2 41. Kd5 Kxh2 42. Kxe5 h5 43. f4 h4 44. f5 h3 45. f6 Kg3
46. f7 h2 47. f8=Q h1=Q 48. Qf4+ Kg2 49. Qg5+ Kf3 50. Ke6 Qb1 51. Qf5+ Ke3 52.
e5 Qb6+ 53. Kf7 Qc7+ 54. Kg6 Ke2 55. e6 Qc6 56. Kf7 Qc4 57. Qe5+ Kd1 58. Kg7
Qg4+ 59. Kh6 Kc2 60. e7 Qh3+ 61. Kg6 Qg4+ 62. Kf6 Qh4+ 63. Qg5 Qd4+ 64. Kf7
Qc4+ 65. Kf8 Qb4 66. Qf5+ Kc1 67. Qe5 Kb1 68. Kg8 Qg4+ 69. Kf7 Qc4+ 70. Kf6
Qc6+ 71. Qe6 Qe8 72. Qe1+ Kb2 73. Qf2+ Kb1 74. Qg1+ Kb2 75. Qg2+ Ka1 76. Qg7
Kb2 77. Qf8 Qc6+ 78. Kg7 Qd7 79. Qf6+ Kb1 80. Kf8 1-0

[Event "VII Festival A"]
[Site "Robecchetto con Induno ITA"]
[Date "1995.06.??"]
[Round "1"]
[White "Sgnaolin, Davide"]
[Black "Kovacevic, Slobodan"]
[Result "0-1"]
[WhiteElo "2012"]
[BlackElo "2365"]
[PlyCount "86"]
[EventDate "1995.06.22"]

1. e4 c5 2. Nf3 e6 3. Nc3 a6 4. d4 cxd4 5. Nxd4 Qc7 6. g3 Nf6 7. Bg2 Nc6 8. O-O
Bc5 9. Nxc6 dxc6 10. Qe2 e5 11. h3 Be6 12. b3 b5 13. Bb2 h5 14. Nd1 h4 15. g4
Nh7 16. Ne3 Nf8 17. Nf5 f6 18. Rad1 g6 19. Ne3 Bf7 20. g5 Be6 21. Ng4 Bxg4 22.
Qxg4 fxg5 23. Rd3 Be7 24. Rfd1 Rd8 25. Rxd8+ Bxd8 26. Ba3 Be7 27. Bxe7 Kxe7 28.
Qxg5+ Kf7 29. Qd8 Qxd8 30. Rxd8 Rg8 31. Rd6 Ne6 32. Rxc6 Rd8 33. Bf3 Rd2 34.
Bg4 Nd4 35. Rc7+ Kf6 36. c3 Rc2 37. Ra7 Rxc3 38. Rxa6+ Kg5 39. Rd6 Rc1+ 40. Kg2
Ra1 41. Rd5 Kf4 42. Rd6 Rxa2 43. Rf6+ Kxe4 0-1

[Event "VII Festival A"]
[Site "Robecchetto con Induno ITA"]
[Date "1995.06.??"]
[Round "2"]
[White "Barlocco, Carlo"]
[Black "Vujovic, Milorad"]
[Result "0-1"]
[WhiteElo "2235"]
[BlackElo "2285"]
[PlyCount "138"]
[EventDate "1995.06.22"]

1. d4 Nf6 2. c3 g6 3. Bg5 Ne4 4. Bf4 d5 5. Nd2 Nd6 6. Bxd6 Qxd6 7. e4 dxe4 8.
Nxe4 Qe6 9. Qe2 Bg7 10. Nf3 h6 11. Nc5 Qd6 12. Qb5+ c6 13. Qb3 b6 14. Nd3 Be6
15. Qb4 Qc7 16. Nde5 a5 17. Qa4 b5 18. Qc2 O-O 19. Bd3 Nd7 20. Nxd7 Qxd7 21.
O-O a4 22. a3 Rad8 23. Qe2 Bg4 24. Rad1 Qd6 25. h3 Be6 26. Nd2 Qd7 27. Ne4 Bb3
28. Rde1 e5 29. Nc5 Qa7 30. Nxb3 axb3 31. dxe5 Rfe8 32. Qf3 Re6 33. Re4 Bxe5
34. Rb4 Rf6 35. Qe2 Bd6 36. Re4 Bc5 37. Re8+ Rxe8 38. Qxe8+ Kg7 39. Qe2 Qd7 40.
Be4 Rd6 41. Bf3 Re6 42. Qd1 Qa7 43. Qxb3 Bxf2+ 44. Kh1 Bg3 45. Qd1 Qe7 46. Bg4
f5 47. Bf3 Kh7 48. Qd3 Bb8 49. g4 Re3 50. Qd2 Qh4 51. Qg2 fxg4 52. Qxg4 Qf6 53.
Qg2 Qd6 54. Rd1 Qe6 55. Qg4 Qxg4 56. Bxg4 h5 57. Bd7 Re2 58. b4 Re3 59. Rc1 Be5
60. Kg2 h4 61. Kf2 Rg3 62. a4 bxa4 63. Ra1 Rd3 64. Bg4 Rxc3 65. Rxa4 Kh6 66.
Ke2 Kg5 67. Ra5 Kf4 68. Kd2 Rg3 69. Rc5 Ke4 0-1

[Event "VII Festival A"]
[Site "Robecchetto con Induno ITA"]
[Date "1995.06.??"]
[Round "2"]
[White "Kovacevic, Slobodan"]
[Black "Pagnoncelli, Marco"]
[Result "1-0"]
[WhiteElo "2365"]
[BlackElo "2150"]
[PlyCount "53"]
[EventDate "1995.06.22"]

1. d4 Nf6 2. Nf3 g6 3. c3 Bg7 4. Bg5 O-O 5. Nbd2 d6 6. e4 c5 7. dxc5 dxc5 8.
Qc2 Qc7 9. Be2 Nc6 10. O-O Be6 11. Rfe1 Rad8 12. Bh4 Rfe8 13. Nc4 Ng4 14. Bg3
Nge5 15. Ng5 Qc8 16. Nxe6 Qxe6 17. Ne3 Qc8 18. f4 Nd7 19. Bg4 b6 20. e5 e6 21.
Bh4 Ne7 22. Nc4 Nb8 23. Nd6 Rxd6 24. exd6 Nd5 25. Qa4 Nc6 26. Rad1 f5 27. Bf3
1-0

[Event "VII Festival A"]
[Site "Robecchetto con Induno ITA"]
[Date "1995.06.??"]
[Round "2"]
[White "Marzano, Carlo"]
[Black "Gazzarri, Alberto"]
[Result "1/2-1/2"]
[WhiteElo "2205"]
[BlackElo "2210"]
[PlyCount "72"]
[EventDate "1995.06.22"]

1. d4 d5 2. Nf3 Nf6 3. c4 c6 4. Nc3 dxc4 5. a4 Bg4 6. Ne5 Bh5 7. f3 Nfd7 8.
Nxc4 e5 9. Nxe5 Nxe5 10. dxe5 Qxd1+ 11. Kxd1 Nd7 12. g4 Bg6 13. f4 h5 14. g5
Nc5 15. e4 Nxe4 16. Be3 Bc5 17. Ke2 Nxc3+ 18. bxc3 Bxe3 19. Kxe3 Bf5 20. Be2
O-O-O 21. Rhd1 Rxd1 22. Bxd1 g6 23. Bb3 Be6 24. Bc2 Bg4 25. Be4 a5 26. Rf1 Re8
27. Bc2 Kc7 28. Rf2 Re7 29. Rd2 Rd7 30. Rxd7+ Kxd7 31. Kd4 b6 32. h4 Be6 33.
Bd1 Ke7 34. Bf3 Bd7 35. Bd1 Be6 36. Bf3 Bd7 1/2-1/2

[Event "VII Festival A"]
[Site "Robecchetto con Induno ITA"]
[Date "1995.06.??"]
[Round "3"]
[White "Pagnoncelli, Marco"]
[Black "Barlocco, Carlo"]
[Result "0-1"]
[WhiteElo "2150"]
[BlackElo "2235"]
[PlyCount "108"]
[EventDate "1995.06.22"]

1. e4 c5 2. Nf3 Nf6 3. Nc3 Nc6 4. d4 d5 5. exd5 Nxd5 6. Nxd5 Qxd5 7. Be3 cxd4
8. Nxd4 a6 9. c3 e5 10. Qb3 Qxb3 11. Nxb3 Be6 12. Nc5 Bxc5 13. Bxc5 f6 14. Be2
Kf7 15. O-O Rad8 16. Rfd1 Rxd1+ 17. Rxd1 Rd8 18. Rxd8 Nxd8 19. b3 Bd5 20. Bg4
g6 21. Bb6 Nc6 22. c4 Be4 23. f3 Bb1 24. Bc8 Bxa2 25. Bxb7 Nb4 26. c5 Bxb3 27.
Ba5 Bd5 28. Bxb4 Bxb7 29. Kf2 Ke6 30. Ke3 Kd5 31. Kd3 f5 32. Kc3 Bc6 33. Ba3
Bb5 34. g3 a5 35. h4 e4 36. fxe4+ fxe4 37. Bc1 Kxc5 38. Be3+ Kd5 39. Bb6 a4 40.
Be3 h5 41. Bc1 Ke5 42. Ba3 e3 43. Bc5 Ke4 44. Bd6 Kf3 45. Bc5 Kxg3 46. Bxe3
Kxh4 47. Bc5 Kg4 48. Kd2 g5 49. Ke3 h4 50. Bd6 Kh5 51. Kf2 g4 52. Kg1 g3 53.
Kh1 Kg4 54. Kg1 h3 0-1

[Event "VII Festival A"]
[Site "Robecchetto con Induno ITA"]
[Date "1995.06.??"]
[Round "4"]
[White "Fattorelli, Luciano"]
[Black "Pagnoncelli, Marco"]
[Result "0-1"]
[WhiteElo "1966"]
[BlackElo "2150"]
[PlyCount "91"]
[EventDate "1995.06.22"]

1. e4 c5 2. Nc3 Nc6 3. g3 g6 4. Bg2 Bg7 5. d3 d6 6. f4 e6 7. Nge2 Nge7 8. Be3
Nd4 9. O-O O-O 10. g4 f5 11. h3 Rb8 12. Ng3 b5 13. Qd2 Qa5 14. Nd5 Qd8 15.
Nxe7+ Qxe7 16. c3 fxg4 17. hxg4 Nc6 18. Bf3 e5 19. f5 Qh4 20. Kg2 Qe7 21. Rh1
b4 22. Bg5 Qf7 23. c4 Nd4 24. Raf1 Rb6 25. Bd1 Bf6 26. Bxf6 Qxf6 27. Rh6 Qg7
28. fxg6 Rxf1 29. Nxf1 hxg6 30. g5 Ne6 31. Nh2 Nf4+ 32. Kg3 Qe7 33. Nf3 Qe6 34.
Qh2 Nh5+ 35. Kf2 Qf7 36. Ke1 Qg7 37. Qh4 Nf4 38. Kd2 Rb7 39. Nh2 Rf7 40. Bg4
Bxg4 41. Qxg4 Rf8 42. Kc2 Qf7 43. Qh4 Nh5 44. Ng4 Kg7 45. Kb3 Qf3 46. Nf6 0-1

[Event "VII Festival A"]
[Site "Robecchetto con Induno ITA"]
[Date "1995.06.??"]
[Round "4"]
[White "Kovacevic, Slobodan"]
[Black "Barlocco, Carlo"]
[Result "1/2-1/2"]
[WhiteElo "2365"]
[BlackElo "2235"]
[PlyCount "124"]
[EventDate "1995.06.22"]

1. d4 d5 2. Bf4 e6 3. e3 Bd6 4. Bg3 Nf6 5. Nd2 O-O 6. Bd3 c5 7. c3 cxd4 8. exd4
Nc6 9. f4 Qc7 10. Nh3 Ne7 11. O-O Ng6 12. Qe2 Bd7 13. Nf3 Bc6 14. Ne5 Ne4 15.
Bxe4 dxe4 16. Ng5 Bxe5 17. fxe5 Qb6 18. Rf2 a5 19. Re1 a4 20. a3 Qd8 21. Qh5 h6
22. Nxf7 Rxf7 23. Rxf7 Kxf7 24. Rf1+ Kg8 25. Qxg6 Qe8 26. Qg4 Bd5 27. Bf4 Kh7
28. Be3 Rc8 29. Qh3 Qe7 30. Qg4 Rf8 31. Re1 b5 32. Bf2 Rf5 33. Qe2 Qf7 34. Bg3
Qe8 35. h3 Kg8 36. Kh2 Qc6 37. Kg1 Qe8 38. Qc2 Qc6 39. Re3 Qc4 40. Bf2 Qc8 41.
Rg3 Qf8 42. Be3 Rf1+ 43. Kh2 Kh8 44. Qe2 Bc4 45. Qh5 Rf5 46. Qh4 Bd5 47. Rg4
Kh7 48. Qe1 Qe8 49. Rg3 Qf7 50. Qe2 Bc4 51. Qg4 Bd5 52. Qh4 Qf8 53. Qg4 Qf7 54.
Qh4 Qf8 55. Rg4 Kh8 56. Qe1 Kh7 57. Qd2 Qf7 58. Qc2 Kh8 59. Rh4 Rh5 60. Rg4 Rf5
61. Rh4 Rh5 62. Rg4 Rf5 1/2-1/2

[Event "VII Festival A"]
[Site "Robecchetto con Induno ITA"]
[Date "1995.06.??"]
[Round "5"]
[White "Gazzarri, Alberto"]
[Black "Pagnoncelli, Marco"]
[Result "0-1"]
[WhiteElo "2210"]
[BlackElo "2150"]
[PlyCount "78"]
[EventDate "1995.06.22"]

1. e4 c5 2. c3 d5 3. exd5 Qxd5 4. d4 Nf6 5. Nf3 Bg4 6. Be2 e6 7. O-O Nc6 8. Na3
cxd4 9. Nb5 Rc8 10. Nbxd4 Nxd4 11. Nxd4 Bxe2 12. Qxe2 Be7 13. Rd1 a6 14. Nf3
Qe4 15. Qxe4 Nxe4 16. Be3 Nf6 17. Bd4 Bc5 18. Rd3 Bxd4 19. Rxd4 Ke7 20. Rad1
Rhd8 21. Rxd8 Rxd8 22. Rxd8 Kxd8 23. Ne5 Ke7 24. f3 Nd5 25. Kf2 Nb6 26. Ke3 Na4
27. Nd3 Kd6 28. Kd4 f6 29. f4 Nb6 30. c4 Nd7 31. c5+ Kc6 32. Kc4 a5 33. a4 b6
34. b4 bxc5 35. bxa5 e5 36. fxe5 Nxe5+ 37. Nxe5+ fxe5 38. a6 e4 39. a5 Kc7 0-1

[Event "VII Festival A"]
[Site "Robecchetto con Induno ITA"]
[Date "1995.06.??"]
[Round "5"]
[White "Marzano, Carlo"]
[Black "Sgnaolin, Davide"]
[Result "1-0"]
[WhiteElo "2205"]
[BlackElo "2012"]
[PlyCount "51"]
[EventDate "1995.06.22"]

1. d4 d5 2. Nf3 e6 3. Bf4 c5 4. c3 Nc6 5. e3 a6 6. Nbd2 Nf6 7. Bd3 Be7 8. Ne5
O-O 9. h4 c4 10. Bc2 Qb6 11. Rb1 Nxe5 12. dxe5 Nd7 13. Nf3 f5 14. Nd4 Nc5 15.
h5 Bd7 16. g4 Rf7 17. Qf3 Re8 18. Qh3 Qd8 19. Ke2 Ref8 20. Rbg1 h6 21. gxf5
exf5 22. Bxh6 f4 23. e6 Nxe6 24. Nxe6 Bxe6 25. Qxe6 f3+ 26. Ke1 1-0

[Event "VII Festival A"]
[Site "Robecchetto con Induno ITA"]
[Date "1995.06.??"]
[Round "6"]
[White "Gazzarri, Alberto"]
[Black "Fattorelli, Luciano"]
[Result "0-1"]
[WhiteElo "2210"]
[BlackElo "1966"]
[PlyCount "112"]
[EventDate "1995.06.22"]

1. e4 d6 2. d4 Nf6 3. Bd3 e5 4. c3 g6 5. Ne2 Bg7 6. O-O O-O 7. f4 c6 8. Nd2 Re8
9. fxe5 dxe5 10. Nc4 Nbd7 11. Nd6 Re6 12. Nxc8 Rxc8 13. Bc4 Re8 14. Qb3 Rf8 15.
Qxb7 Nb6 16. dxe5 Rc7 17. Qa6 Nxe4 18. Bf4 Nc5 19. Qa3 Nxc4 20. Qxc5 Nxe5 21.
Bxe5 Bxe5 22. Qxe5 Re7 23. Qc5 Rxe2 24. Qxc6 Rxb2 25. Rad1 Qa5 26. a4 Rc2 27.
Rc1 Rxc1 28. Rxc1 Qe5 29. Rf1 Qe3+ 30. Kh1 Rd8 31. h3 Qe7 32. a5 Kg7 33. c4 Rd7
34. Qf3 Rc7 35. Qc3+ f6 36. a6 Qe6 37. Qa5 Qxc4 38. Rb1 Kh6 39. Qd2+ g5 40. Qd6
Qc6 41. Qf8+ Kg6 42. Qg8+ Rg7 43. Qa2 Re7 44. Qg8+ Rg7 45. Qa2 Qe4 46. Rf1 Qc6
47. Qb1+ Kh6 48. Qa1 Rf7 49. Rc1 Qd5 50. Rd1 Qe5 51. Qa2 Kg6 52. Rf1 f5 53. Qa4
Qe6 54. Rc1 Rd7 55. Qa1 Rd6 56. Rc7 Rd7 0-1

[Event "VII Festival A"]
[Site "Robecchetto con Induno ITA"]
[Date "1995.06.??"]
[Round "6"]
[White "Marzano, Carlo"]
[Black "Barlocco, Carlo"]
[Result "0-1"]
[WhiteElo "2205"]
[BlackElo "2235"]
[PlyCount "74"]
[EventDate "1995.06.22"]

1. d4 d5 2. Nf3 Nf6 3. Bg5 Ne4 4. Bf4 e6 5. e3 c5 6. c3 Nc6 7. Bd3 Bd6 8. Bxd6
Qxd6 9. O-O f5 10. Nbd2 c4 11. Bc2 Rb8 12. Qe2 O-O 13. Rfe1 Bd7 14. Nf1 b5 15.
a3 Kh8 16. N3d2 a5 17. Bxe4 fxe4 18. f3 exf3 19. Nxf3 e5 20. Nxe5 Nxe5 21. dxe5
Qxe5 22. Rad1 Bf5 23. Ng3 Bd3 24. Qg4 b4 25. axb4 axb4 26. Qd4 Rfe8 27. Ra1
bxc3 28. bxc3 h5 29. Qh4 g6 30. Ra7 Rb1 31. Rxb1 Qxe3+ 32. Kh1 Qe1+ 33. Nf1
Qxh4 34. Rbb7 Qf6 35. Rf7 Qxc3 36. Ne3 Qe1+ 37. Nf1 Qxf1+ 0-1